Представление документа в формате MARC21

Поле Инд. ПП Название Значение
Тип записи a
Библиографический уровень m
001 Контрольный номер 97f4548c927643a5a5428e4f208dd505
005 Дата корректировки 20241015103015.9
020 a ISBN 978-5-09-110832-3
040 a Служба первич. каталог. НБ ТвГУ
b Код языка каталог. rus
e Правила каталог. PSBO
041 0_ a Код языка текста rus
080 a Индекс УДК 004(075.3)
084 a Индекс другой классификации/Индекс ББК З81я721-1
090 a Полочн. индекс З81
x Авторский знак Б 85
097 b Оператор Semenova.ZR
100 1_ a Автор Босова Людмила Леонидовна
e Роль лиц Автор
245 10 a Заглавие Информатика. 7 класс
b Продолж. заглавия учебник : базовый уровень
c Ответственность Л. Л. Босова, А. Ю. Босова
250 a Основные сведения об издании 6-е изд., стер.
260 c Дата издания 2024
a Место издания Москва
b Издательство Просвещение
300 a Объем 254, [2] с.
b Иллюстрации/ тип воспроизводства ил.,табл., цв. ил.
440 _0 a Серия ФГОС
653 0_ a Ключевые слова Информатика
a Ключевые слова Информационные технологии
a Ключевые слова Учебники для средней школы
a Ключевые слова 7 класс
a Ключевые слова ФГОС
700 12 a Другие авторы Босова Анна Юрьевна
e Роль лиц Автор
901 t Тип документа m
910 a Гриф есть**
920 a Оператор Семен
a Оператор Петр
930 a Новая/Ретро новая
952 c Вид литературы К ру
954 b Дата поступления в ОК 20241007
a Дата поступления на обработку 20241014
c Дата окончания ОНО 20241014